[Event "Krokustoernooi"]
[Site "?"]
[Date "2015.02.22"]
[Round "4.1"]
[White "Sterck, Arno"]
[Black "Smekens, Ruben"]
[Result "1-0"]
[WhiteElo "1963"]
[BlackElo "2045"]
[Annotator "junioren"]
[PlyCount "63"]
[EventDate "2015.??.??"]

1. e4 c6 2. d4 d5 3. Nd2 dxe4 4. Nxe4 Bf5 5. Ng3 Bg6 6. h4 h6 7. Nf3 Nd7 8. h5
Bh7 9. Bd3 Bxd3 10. Qxd3 e6 11. Bd2 Ngf6 12. O-O-O Be7 13. Kb1 a5 14. Ne4 Nxe4
15. Qxe4 Nf6 16. Qe2 Bb4 17. c3 Be7 18. Ne5 Qd5 19. f3 O-O 20. g4 Nh7 21. f4 b5
22. Qd3 Bd6 23. Nd7 c5 24. Nxf8 Rxf8 25. g5 c4 26. Qc2 hxg5 27. fxg5 Nxg5 28.
Rdg1 Nf3 29. Bh6 Nxg1 30. Rxg1 Qf5 31. Qxf5 exf5 32. Bxg7 1-0

[Event "Krokustoernooi"]
[Site "?"]
[Date "2015.02.21"]
[Round "4.2"]
[White "De Weird, Matthias"]
[Black "Vincent, Ayla"]
[Result "1-0"]
[WhiteElo "1837"]
[BlackElo "1629"]
[Annotator "junioren"]
[PlyCount "53"]
[EventDate "2015.??.??"]

1. e4 c5 2. Nc3 Nc6 3. Nf3 d6 4. Bc4 Nf6 5. d3 g6 6. O-O Bg7 7. Bf4 a6 8. a4
O-O 9. Qd2 Bg4 10. Nh4 Nh5 11. Bg5 Ne5 12. Nd5 Nxc4 13. dxc4 f6 14. Bh6 g5 15.
Bxg7 Kxg7 16. Nf5+ Bxf5 17. exf5 Kf7 18. Rae1 Re8 19. f4 h6 20. fxg5 hxg5 21.
h4 gxh4 22. Qh6 Rh8 23. Qg6+ Kf8 24. Rxe7 Qxe7 25. Nxe7 Kxe7 26. Re1+ Kd8 27.
Qf7 1-0

[Event "Krokustoernooi"]
[Site "?"]
[Date "2015.02.21"]
[Round "4.3"]
[White "Harutyunyan, Axel"]
[Black "Van Laecke, Jonathan"]
[Result "1-0"]
[WhiteElo "1826"]
[BlackElo "1839"]
[Annotator "junioren"]
[PlyCount "45"]
[EventDate "2015.??.??"]

1. g3 d5 2. Bg2 Nf6 3. d3 Nc6 4. Nd2 Bg4 5. h3 Bf5 6. c4 d4 7. b4 Qc8 8. g4 Bd7
9. a3 e5 10. Bb2 Bd6 11. Ngf3 O-O 12. c5 Be7 13. Nc4 Bxg4 14. hxg4 Qxg4 15. Kf1
Rad8 16. Nfxe5 Nxe5 17. Nxe5 Qf5 18. Nf3 Nh5 19. Nxd4 Qe5 20. Rb1 Nf4 21. Be4
Rxd4 22. Bxd4 Qxd4 23. e3 1-0

[Event "Krokustoernooi"]
[Site "?"]
[Date "2015.02.21"]
[Round "4.4"]
[White "Demey, Robbe"]
[Black "Vandewiele, Emiel"]
[Result "0-1"]
[WhiteElo "1774"]
[BlackElo "1912"]
[Annotator "junioren"]
[PlyCount "48"]
[EventDate "2015.??.??"]

1. d4 c5 2. c3 Nf6 3. Bf4 e6 4. e3 Qb6 5. Qb3 Qxb3 6. axb3 Nc6 7. Nd2 h5 8. Bd3
Nd5 9. Bg5 f6 10. Bg6+ Kd8 11. Bh4 Nce7 12. Be4 g5 13. Bg3 f5 14. Bf3 f4 15.
exf4 h4 16. dxc5 hxg3 17. fxg3 Nf5 18. Ne4 Nde3 19. Kd2 g4 20. Be2 Kc7 21. b4
b6 22. cxb6+ Kxb6 23. h3 Bb7 24. Nc5 Bxc5 0-1

[Event "Krokustoernooi"]
[Site "?"]
[Date "2015.02.21"]
[Round "4.6"]
[White "Vincent, Gwijde"]
[Black "De Vleeschouwer, Erik"]
[Result "1-0"]
[WhiteElo "1820"]
[BlackElo "1193"]
[Annotator "junioren"]
[PlyCount "61"]
[EventDate "2015.??.??"]

1. e4 e5 2. Nf3 Nc6 3. Bc4 Nf6 4. d3 Bc5 5. O-O d6 6. h3 Be6 7. Bb3 Qd7 8. c3
d5 9. exd5 Bxd5 10. Bxd5 Nxd5 11. Re1 Bd6 12. d4 O-O-O 13. dxe5 Bc5 14. Nd4
Nxd4 15. cxd4 Bb6 16. Nc3 Rhe8 17. Be3 f6 18. Na4 Qb5 19. Nxb6+ Nxb6 20. Qc2
Nd5 21. Rac1 Rd7 22. Qxh7 fxe5 23. dxe5 Rxe5 24. Qg8+ Rd8 25. Qxg7 Re7 26. Qg4+
Rdd7 27. Bg5 Rxe1+ 28. Rxe1 b6 29. h4 Kb8 30. h5 Qxb2 31. Qxd7 1-0

[Event "Krokustoernooi"]
[Site "?"]
[Date "2015.02.22"]
[Round "5.1"]
[White "De Weird, Matthias"]
[Black "Sterck, Arno"]
[Result "1-0"]
[WhiteElo "1873"]
[BlackElo "1963"]
[Annotator "junioren"]
[PlyCount "64"]
[EventDate "2015.??.??"]

1. e4 c5 2. b3 e5 3. Bb2 d6 4. f4 exf4 5. Nf3 Nc6 6. Bc4 Bg4 7. O-O Nf6 8. Nc3
Be7 9. Nd5 O-O 10. d3 Nxd5 11. Bxd5 Bf6 12. c3 Re8 13. Qd2 Ne5 14. Nxe5 dxe5
15. Bxb7 Rb8 16. Bd5 Be6 17. Bxe6 Rxe6 18. Rad1 Rd6 19. d4 cxd4 20. cxd4 Qb6
21. Kh1 exd4 22. Qxf4 Rd7 23. e5 Bd8 24. Bxd4 Qe6 25. Bb2 Rbb7 26. Rd6 Rxd6 27.
exd6 Rd7 28. Qg3 f6 29. Ba3 Bb6 30. Qe1 Qe5 31. Qc1 Qe8 32. Re1 32... Qd8 {
Verder onduidelijk} 1-0

[Event "Krokustoernooi"]
[Site "?"]
[Date "2015.02.22"]
[Round "5.3"]
[White "Smekens, Ruben"]
[Black "Van Laeken, Jonathan"]
[Result "0-1"]
[WhiteElo "2045"]
[BlackElo "1839"]
[Annotator "junioren"]
[PlyCount "62"]
[EventDate "2015.??.??"]

1. e4 c6 2. d4 d5 3. Nc3 dxe4 4. Nxe4 Nf6 5. Nxf6+ exf6 6. Nf3 Bd6 7. Bd3 Bg4
8. O-O O-O 9. h3 Bh5 10. c3 h6 11. g4 Bg6 12. Bxg6 fxg6 13. Qb3+ Rf7 14. Qe6
Qd7 15. Re1 Na6 16. Nh4 Kh7 17. Bd2 Nc7 18. Qxd7 Rxd7 19. Re2 Rf8 20. Rae1 Nd5
21. Ng2 f5 22. g5 f4 23. f3 Rf5 24. c4 Ne3 25. Bxe3 fxe3 26. gxh6 Bg3 27. Rd1
Bf2+ 28. Kh2 Rxf3 29. hxg7 Kxg7 30. Rd3 Bg3+ 31. Kh1 Rf1# 0-1

[Event "Krokustoernooi"]
[Site "?"]
[Date "2015.02.22"]
[Round "5.4"]
[White "Van Autreve, David"]
[Black "Vincent, Ayla"]
[Result "0-1"]
[WhiteElo "1572"]
[BlackElo "1629"]
[Annotator "junioren"]
[PlyCount "78"]
[EventDate "2015.??.??"]

1. d4 Nf6 2. c4 c5 3. e3 cxd4 4. exd4 g6 5. Nf3 Bg7 6. Nc3 d6 7. Be2 O-O 8. b3
e6 9. Be3 d5 10. c5 Nc6 11. O-O b6 12. cxb6 axb6 13. Qd2 Ba6 14. Bxa6 Rxa6 15.
Bh6 Qe7 16. Ne5 Rc8 17. Bxg7 Kxg7 18. Rac1 Nxe5 19. dxe5 Nd7 20. Nxd5 Qd8 21.
Nf4 Nxe5 22. Qe2 Rxc1 23. Qxe5+ f6 24. Nxe6+ Kg8 25. Rxc1 fxe5 26. Nxd8 Rxa2
27. Nc6 Rb2 28. b4 Kg7 29. g3 Kf6 30. Rc4 Ke6 31. Nb8 Kd5 32. Rh4 h5 33. g4
Rxb4 34. f3 hxg4 35. Rxg4 Rxg4+ 36. fxg4 b5 37. Na6 Ke4 38. h4 Kf4 39. g5 Kg4
0-1

[Event "Krokustoernooi"]
[Site "?"]
[Date "2015.02.22"]
[Round "5.5"]
[White "Demey, Robbe"]
[Black "Vincent, Gwijde"]
[Result "0-1"]
[WhiteElo "1774"]
[BlackElo "1820"]
[Annotator "junioren"]
[PlyCount "56"]
[EventDate "2015.??.??"]

1. d4 d5 2. Bf4 e6 3. e3 Bd7 4. Nd2 c5 5. c3 Nc6 6. Bd3 Rc8 7. Ngf3 Nf6 8. O-O
c4 9. Bc2 b5 10. Re1 Be7 11. e4 dxe4 12. Nxe4 Nd5 13. Nd6+ Bxd6 14. Bxd6 Nce7
15. Ne5 O-O 16. Qh5 Nf6 17. Qg5 Re8 18. Re3 Nf5 19. Rh3 h6 20. Rxh6 Nxh6 21.
Re1 Nf5 22. Ba3 Nd5 23. Qh5 Nh6 24. Nxf7 Qf6 25. Nd6 Nf4 26. Qf3 Bc6 27. Nxe8
Qg5 28. Qg3 Ne2+ 0-1

[Event "Krokustoernooi"]
[Site "?"]
[Date "2015.02.22"]
[Round "5.6"]
[White "De Vleeschouwer, Erik"]
[Black "Demey, Robbe"]
[Result "0-1"]
[WhiteElo "1193"]
[BlackElo "1774"]
[Annotator "junioren"]
[PlyCount "44"]
[EventDate "2015.??.??"]

1. e4 Nf6 2. Nc3 d5 3. e5 d4 4. exf6 dxc3 5. fxe7 cxd2+ 6. Bxd2 Bxe7 7. Qe2 O-O
8. O-O-O Nd7 9. Nf3 Re8 10. Qc4 Nb6 11. Qf4 Bd6 12. Qd4 c5 13. Qd3 Qc7 14. Ba5
Rd8 15. Be2 Bf4+ 16. Kb1 Rxd3 17. Rxd3 Bf5 18. Rdd1 Re8 19. Bb5 Rd8 20. Rde1 a6
21. Ba4 c4 22. Nd4 g6 0-1

[Event "Krokustoernooi"]
[Site "?"]
[Date "2015.02.22"]
[Round "6.1"]
[White "Sterck, Arno"]
[Black "Vandewiele, Emiel"]
[Result "1-0"]
[WhiteElo "1963"]
[BlackElo "1912"]
[Annotator "junioren"]
[PlyCount "67"]
[EventDate "2015.??.??"]

1. e4 e6 2. d4 d5 3. Nc3 Bb4 4. e5 b6 5. a3 Bf8 6. Nf3 c5 7. Bg5 Qc7 8. dxc5
bxc5 9. Bb5+ Bd7 10. O-O Ne7 11. Bf4 Nbc6 12. Bg3 Nf5 13. Nxd5 Qa5 14. Nc3 Rd8
15. Bd3 Ncd4 16. Nxd4 Nxd4 17. Bh4 Rb8 18. b4 Qc7 19. Ne4 Nf5 20. Bg5 Qxe5 21.
Re1 Qd4 22. c3 Qd5 23. Qf3 Be7 24. Rad1 f6 25. Bxf6 O-O 26. Bxe7 Nxe7 27. Qh3
Qf5 28. Qxf5 Nxf5 29. Nxc5 Bc8 30. Bc4 Kh8 31. Nxe6 Re8 32. Nd4 Rf8 33. Be6
Bxe6 34. Rxe6 1-0

[Event "Krokustoernooi"]
[Site "?"]
[Date "2015.02.22"]
[Round "6.2"]
[White "Van Laeken, Jonathan"]
[Black "De Weird, Matthias"]
[Result "1-0"]
[WhiteElo "1839"]
[BlackElo "1873"]
[Annotator "junioren"]
[PlyCount "37"]
[EventDate "2015.??.??"]

1. d4 d5 2. c3 Nf6 3. Bg5 e6 4. e4 Be7 5. e5 Nfd7 6. h4 a6 7. Qg4 Bxg5 8. hxg5
Nf8 9. Bd3 c5 10. dxc5 Nc6 11. Nf3 d4 12. Nxd4 Qd5 13. Ke2 Qxc5 14. a3 Qa5 15.
Qf4 Kd8 16. b4 Qc7 17. Nf3 f6 18. gxf6 gxf6 19. Qxf6+ 1-0

[Event "Krokustoernooi"]
[Site "?"]
[Date "2015.02.22"]
[Round "6.3"]
[White "Vincent, Ayla"]
[Black "Smekens, Ruben"]
[Result "0-1"]
[WhiteElo "1629"]
[BlackElo "2045"]
[Annotator "junioren"]
[PlyCount "110"]
[EventDate "2015.??.??"]

1. e4 c6 2. d4 d5 3. Nc3 dxe4 4. Nxe4 Bf5 5. Ng3 Bg6 6. Nf3 Nd7 7. Bd3 Bxd3 8.
Qxd3 e6 9. O-O Ngf6 10. Re1 Be7 11. Bg5 h6 12. Bd2 Qc7 13. Rad1 O-O 14. Qb3 c5
15. dxc5 Bxc5 16. Bb4 Qb6 17. Bxc5 Qxb3 18. cxb3 Nxc5 19. h3 Rad8 20. Ne2 Nd3
21. Rf1 e5 22. Rd2 Ne4 23. Rc2 Rc8 24. Nc3 f6 25. a3 Nxb2 26. Rxb2 Nxc3 27. Kh2
Rfd8 28. Rc2 Ne4 29. Re2 Nc5 30. b4 Ne6 31. a4 Rc4 32. Rb2 Nd4 33. Nxd4 Rdxd4
34. Rfb1 Kf7 35. a5 Ke6 36. a6 b5 37. Rb3 h5 38. R1b2 g5 39. g3 f5 40. Kg2 e4
41. f3 Ke5 42. fxe4 fxe4 43. Kf2 Rd3 44. h4 gxh4 45. gxh4 Kd4 46. Kg2 e3 47.
Kf3 Rc6 48. Rxd3+ Kxd3 49. Rb3+ Kd2 50. Ra3 Rf6+ 51. Ke4 e2 52. Ra2+ Kc3 53.
Rxe2 Re6+ 54. Kf3 Rxe2 55. Kxe2 Kxb4 0-1

[Event "Krokustoernooi"]
[Site "?"]
[Date "2015.02.22"]
[Round "6.4"]
[White "Harutyunyan, Axel"]
[Black "Lachaert, Tibo"]
[Result "1-0"]
[WhiteElo "1826"]
[BlackElo "1534"]
[Annotator "junioren"]
[PlyCount "97"]
[EventDate "2015.??.??"]

1. e4 c6 2. d4 d5 3. e5 Bf5 4. Ne2 e6 5. Ng3 Bg6 6. h4 h6 7. h5 Bh7 8. Bd3 Bxd3
9. Qxd3 Nd7 10. f4 Qc7 11. Be3 O-O-O 12. Nd2 c5 13. c4 Nb6 14. Rc1 Kb8 15. dxc5
Bxc5 16. cxd5 Rxd5 17. Qc2 Nd7 18. Nge4 Bb6 19. Bxb6 Qxc2 20. Bxa7+ Kxa7 21.
Rxc2 Ne7 22. Rc7 Kb8 23. Rc3 Nf5 24. Kf2 Nb6 25. Rhc1 Rd7 26. Nc4 Nxc4 27. Rxc4
Rhd8 28. g4 Ne7 29. Nd6 Nd5 30. Kf3 f6 31. Ke4 Nb6 32. Rb4 32... Nd5 {=} 33.
Rbc4 Nb6 34. Rc5 fxe5 35. fxe5 Rf8 36. b3 Nd5 37. Rc8+ Rxc8 38. Rxc8+ Ka7 39.
Nb5+ Kb6 40. Nd4 Nc7 41. Rf8 Re7 42. b4 Nb5 43. a4 Nc3+ 44. Kf3 Nxa4 45. Rd8
Kc7 46. Rd6 Rd7 47. Nxe6+ Kc8 48. Rxd7 Kxd7 49. Nxg7 1-0

[Event "Krokustoernooi"]
[Site "?"]
[Date "2015.02.22"]
[Round "6.6"]
[White "Phlips, Ewout"]
[Black "De Vleeschouwer, Erik"]
[Result "1-0"]
[WhiteElo "1366"]
[BlackElo "1193"]
[Annotator "junioren"]
[PlyCount "75"]
[EventDate "2015.??.??"]

1. e4 e5 2. Nf3 Nc6 3. Bc4 Nf6 4. Nc3 Bc5 5. d3 d6 6. Be3 Be6 7. Bb3 O-O 8. O-O
Qe7 9. Qd2 Rad8 10. Bg5 h6 11. Bh4 Bb4 12. Rad1 Nd4 13. Nxd4 exd4 14. Nd5 Bxd5
15. Qxb4 Bxb3 16. axb3 c5 17. Bxf6 gxf6 18. Qd2 Kh7 19. b4 Rg8 20. bxc5 dxc5
21. Qf4 Qe6 22. Kh1 Rg5 23. Ra1 Ra8 24. h3 b6 25. Rfe1 Rag8 26. Rg1 f5 27. exf5
Rxf5 28. Qd2 Rfg5 29. Qd1 Rxg2 30. Rxg2 Qxh3+ 31. Rh2 Qd7 32. Qf3 f5 33. Rg2 f4
34. Rxg8 Kxg8 35. Qxf4 Qh3+ 36. Kg1 Qh5 37. f3 Qg6+ 38. Qg4 1-0

[Event "Krokustoernooi"]
[Site "?"]
[Date "2015.02.22"]
[Round "7.1"]
[White "Harutyunyan, Axel"]
[Black "Sterck, Arno"]
[Result "1/2-1/2"]
[WhiteElo "1826"]
[BlackElo "1963"]
[Annotator "junioren"]
[PlyCount "65"]
[EventDate "2015.??.??"]

1. g3 d5 2. Bg2 e5 3. e4 c6 4. d3 Nf6 5. Bg5 Be7 6. Nd2 Nbd7 7. Ne2 h6 8. Bxf6
Nxf6 9. O-O O-O 10. c3 dxe4 11. Nxe4 Nxe4 12. dxe4 Bg4 13. Qc2 Qb6 14. h3 Bxe2
15. Qxe2 Rad8 16. Rfd1 Rxd1+ 17. Rxd1 17... Rd8 {=} 18. b3 Bc5 19. Rd2 Bxf2+
20. Kh2 Rxd2 21. Qxd2 Qe3 22. Qxe3 Bxe3 23. Bf1 Bd2 24. c4 f6 25. Kg2 Kf7 26.
Kf3 Ke6 27. g4 g5 28. Ke2 Bc3 29. Kd3 Bd4 30. Be2 Kd6 31. b4 c5 32. b5 b6 33.
Bd1 {=} 1/2-1/2

[Event "Krokustoernooi"]
[Site "?"]
[Date "2015.02.22"]
[Round "7.2"]
[White "Smekens, Ruben"]
[Black "Vandewiele, Emiel"]
[Result "1-0"]
[WhiteElo "2045"]
[BlackElo "1912"]
[Annotator "junioren"]
[PlyCount "71"]
[EventDate "2015.??.??"]

1. e4 Nc6 2. d4 e5 3. Nf3 exd4 4. Bc4 Be7 5. c3 d6 6. cxd4 Nf6 7. Nc3 O-O 8.
O-O Bg4 9. Be2 Re8 10. Be3 Bf8 11. Nd2 Bxe2 12. Qxe2 Qd7 13. h3 g6 14. f4 Nh5
15. Qf3 f5 16. g4 Nf6 17. exf5 gxf5 18. g5 Qg7 19. Kh2 Nd7 20. Nb3 Nb6 21. d5
Nc4 22. dxc6 Nxe3 23. Rae1 Nc2 24. cxb7 Rab8 25. Rxe8 Rxe8 26. Rc1 Nb4 27. a3
Qf7 28. Na5 Na2 29. Nxa2 Qxa2 30. Qb3+ Qxb3 31. Nxb3 c5 32. Na5 Re2+ 33. Kg3
Rxb2 34. Rc3 c4 35. Rxc4 d5 36. Rc8 1-0

[Event "Krokustoernooi"]
[Site "?"]
[Date "2015.02.22"]
[Round "7.3"]
[White "Vincent, Gwijde"]
[Black "De Weird, Matthias"]
[Result "0-1"]
[WhiteElo "1820"]
[BlackElo "1873"]
[Annotator "junioren"]
[PlyCount "38"]
[EventDate "2015.??.??"]

1. e4 e5 2. Nf3 Nc6 3. Bc4 Bc5 4. b4 Bxb4 5. c3 Ba5 6. d4 exd4 7. O-O Nf6 8. e5
d5 9. exd6 Qxd6 10. Ba3 Qf4 11. Re1+ Be6 12. Bxe6 fxe6 13. Rxe6+ Kd7 14. g3 Qf5
15. Re2 Bb6 16. cxd4 Rad8 17. Ne5+ Kc8 18. Nxc6 bxc6 19. Re5 Qxe5 0-1

[Event "Krokustoernooi"]
[Site "?"]
[Date "2015.02.22"]
[Round "7.4"]
[White "Van Laeken, Jonathan"]
[Black "Phlips, Ewout"]
[Result "1/2-1/2"]
[WhiteElo "1839"]
[BlackElo "1366"]
[Annotator "junioren"]
[PlyCount "86"]
[EventDate "2015.??.??"]

1. d4 d5 2. Nc3 Nf6 3. Bg5 Bf5 4. Bxf6 gxf6 5. e3 a6 6. Bd3 Bg6 7. h4 e5 8.
dxe5 fxe5 9. Bxg6 hxg6 10. Qxd5 Qxd5 11. Nxd5 Bd6 12. Nf6+ Ke7 13. Ne4 Nc6 14.
a3 Rad8 15. Ne2 f5 16. Ng5 e4 17. Nc3 Ne5 18. Ke2 Nf7 19. Nd5+ Ke8 20. Nxf7
Kxf7 21. c4 c6 22. Nf4 Bxf4 23. exf4 Rd3 24. g3 Rhd8 25. Rad1 Ke6 26. Rhf1 R8d6
27. Rxd3 Rxd3 28. f3 Rxf3 29. Rxf3 exf3+ 30. Kxf3 c5 31. g4 a5 32. gxf5+ gxf5
33. a4 Kf6 34. h5 Kg7 35. Kg3 Kh7 36. Kh3 Kg7 37. Kg3 Kh7 38. Kh4 Kh6 39. b3 b6
40. Kg3 Kxh5 41. Kh3 Kg6 42. Kg3 Kf6 43. Kh4 Kg6 1/2-1/2

[Event "Krokustoernooi"]
[Site "?"]
[Date "2015.02.22"]
[Round "7.5"]
[White "De Vleeschouwer, Erik"]
[Black "Van Autreve, David"]
[Result "0-1"]
[WhiteElo "1193"]
[BlackElo "1572"]
[Annotator "junioren"]
[PlyCount "52"]
[EventDate "2015.??.??"]

1. e4 Nc6 2. Nc3 e6 3. Nf3 g6 4. Bc4 Nge7 5. d3 Na5 6. Bb3 Nxb3 7. axb3 Bg7 8.
Be3 d5 9. d4 dxe4 10. Nxe4 Nf5 11. c3 Nxe3 12. fxe3 b6 13. b4 O-O 14. O-O Bb7
15. Neg5 Bh6 16. h4 Bxf3 17. Qxf3 Bxg5 18. hxg5 Qxg5 19. e4 e5 20. dxe5 Qxe5
21. Rad1 f5 22. Rd7 fxe4 23. Qh3 Rxf1+ 24. Kxf1 h5 25. Qe3 Qb5+ 26. Rd3 Qxd3+
0-1

[Event "Krokustoernooi"]
[Site "?"]
[Date "2015.02.22"]
[Round "7.6"]
[White "Lachaert, Tibo"]
[Black "Demey, Robbe"]
[Result "1/2-1/2"]
[WhiteElo "1534"]
[BlackElo "1774"]
[Annotator "junioren"]
[PlyCount "90"]
[EventDate "2015.??.??"]

1. e4 Nf6 2. e5 Nd5 3. d4 d6 4. exd6 exd6 5. Nf3 Be7 6. Be2 Bf6 7. O-O Nc6 8.
Re1 O-O 9. h3 Re8 10. Na3 Nde7 11. c3 Ng6 12. Be3 Nce7 13. Bc4 d5 14. Bd3 Nf5
15. Nc2 Nxe3 16. Nxe3 c6 17. Qc2 Be7 18. Nf5 Bf8 19. Rxe8 Qxe8 20. Re1 Qd7 21.
Ng5 Nf4 22. Ng3 Nxd3 23. Qxd3 g6 24. Nh5 Be7 25. Qe3 gxh5 26. Qxe7 Qf5 27. Qe8+
Kg7 28. Re7 Bd7 29. Qxd7 Qxg5 30. Rxf7+ Kg8 31. Qe7 Qg6 32. Rf3 Re8 33. Qf6
Qxf6 34. Rxf6 Kg7 35. Rd6 Re7 36. Kf1 a5 37. f3 a4 38. b3 axb3 39. axb3 Re3 40.
Rd7+ Kg6 41. Rxb7 Rxc3 42. Kf2 h4 43. Re7 h5 44. Re3 Rc2+ 45. Re2 Rc3 1/2-1/2

[Event "Krokustoernooi"]
[Site "KGSRL"]
[Date "2015.02.21"]
[Round "1.1"]
[White "Smekens, Ruben"]
[Black "Vincent, Gwijde"]
[Result "1-0"]
[WhiteElo "2045"]
[BlackElo "1820"]
[Annotator "junioren"]
[PlyCount "119"]
[EventDate "2015.??.??"]

1. e4 e5 2. Nf3 Nc6 3. d4 exd4 4. Bc4 Nf6 5. e5 d5 6. Bb5 Ne4 7. Nxd4 Bd7 8.
Bxc6 bxc6 9. O-O Bc5 10. Be3 O-O 11. f3 Ng5 12. f4 Ne4 13. Nd2 Nxd2 14. Qxd2
Qe7 15. Nb3 Bb6 16. Rae1 a5 17. Qf2 a4 18. Nc1 c5 19. f5 f6 20. e6 Bb5 21. Nd3
d4 22. Bc1 c4 23. Nf4 Rfd8 24. Kh1 d3 25. Be3 d2 26. Rd1 c3 27. Rg1 Bxe3 28.
Qxe3 cxb2 29. Rxd2 Rxd2 30. Qxd2 Qc5 31. Rd1 Re8 32. Nd5 Bc4 33. Nc3 a3 34. Qd7
Qf8 35. Qc6 Rd8 36. Qxc4 Rxd1+ 37. Nxd1 Qe7 38. Nc3 h6 39. Nb1 Kh7 40. Qd4 Qe8
41. Nxa3 Qh5 42. h3 Qe2 43. Qxb2 Qf1+ 44. Kh2 Qf4+ 45. Kg1 Qe3+ 46. Kf1 Qf4+
47. Ke2 Qe4+ 48. Kd2 Qxg2+ 49. Kc3 Qf3+ 50. Kb4 Qb7+ 51. Kc3 Qf3+ 52. Kc4 Qc6+
53. Kb4 Qe4+ 54. Nc4 Qb7+ 55. Kc3 Qf3+ 56. Kb4 Qb7+ 57. Ka4 Qa6+ 58. Na5 Qd6
59. Qb4 Qd2 60. Qxd2 1-0

[Event "Krokustoernooi"]
[Site "KGSRL"]
[Date "2015.02.21"]
[Round "1.2"]
[White "Demey, Robbe"]
[Black "Sterck, Arno"]
[Result "0-1"]
[WhiteElo "1774"]
[BlackElo "1963"]
[Annotator "junioren"]
[PlyCount "40"]
[EventDate "2015.??.??"]

1. d4 Nf6 2. Nf3 e6 3. Bf4 c5 4. c3 b6 5. e3 Bb7 6. Nbd2 d5 7. Bd3 Nc6 8. O-O
Bd6 9. Ne5 Ne7 10. h3 Ne4 11. Bb5+ Kf8 12. Nxe4 dxe4 13. dxc5 Bxe5 14. Bxe5
bxc5 15. Qxd8+ Rxd8 16. Rfd1 Rc8 17. Rd7 Bc6 18. Bxc6 Nxc6 19. Rad1 Nxe5 20.
Rd8+ Ke7 0-1

[Event "Krokustoernooi"]
[Site "KGSRL"]
[Date "2015.02.21"]
[Round "1.3"]
[White "Vandewiele, Emiel"]
[Black "Vincent, Ayla"]
[Result "0-1"]
[WhiteElo "1912"]
[BlackElo "1629"]
[Annotator "junioren"]
[PlyCount "76"]
[EventDate "2015.??.??"]

1. c4 c5 2. Nc3 Nf6 3. g3 Nc6 4. Bg2 g6 5. e4 Bg7 6. Nge2 d6 7. O-O O-O 8. d3
Bd7 9. a3 Qc8 10. Rb1 Bh3 11. b4 Bxg2 12. Kxg2 b6 13. b5 Ne5 14. f4 Ned7 15.
Nd5 Nxd5 16. cxd5 a6 17. Qb3 Qc7 18. Nc3 Rfb8 19. bxa6 Rxa6 20. Nb5 Qc8 21. Be3
Nf6 22. Rfc1 Qd7 23. Bg1 h5 24. h3 Kh7 25. Nc3 Ra5 26. d4 h4 27. dxc5 dxc5 28.
e5 Nh5 29. Ne4 hxg3 30. Ng5+ Kg8 31. Be3 Qf5 32. Rf1 Rba8 33. Ra1 Ra4 34. Qxb6
Nxf4+ 35. Bxf4 Rxf4 36. Rxf4 Qxf4 37. Nf3 Bxe5 38. Re1 Rxa3 0-1

[Event "Krokustoernooi"]
[Site "KGSRL"]
[Date "2015.02.21"]
[Round "1.4"]
[White "Van Autreve, David"]
[Black "De Weird, Matthias"]
[Result "0-1"]
[WhiteElo "1572"]
[BlackElo "1873"]
[Annotator "junioren"]
[PlyCount "58"]
[EventDate "2015.??.??"]

1. d4 d5 2. c4 e5 3. e3 exd4 4. exd4 Nf6 5. Nf3 Be6 6. b3 Bb4+ 7. Bd2 Qe7 8.
Bxb4 Qxb4+ 9. Qd2 Nc6 10. Qxb4 Nxb4 11. Nc3 Nc2+ 12. Kd2 Nxa1 13. Bd3 Nxb3+ 14.
axb3 O-O-O 15. c5 Ne4+ 16. Nxe4 dxe4 17. Bxe4 Bxb3 18. Kc3 Bd5 19. Bxd5 Rxd5
20. Re1 Rhd8 21. Re7 R5d7 22. Rxd7 Rxd7 23. Ne5 Re7 24. Kd3 Rxe5 25. dxe5 Kd7
26. Kc4 Ke6 27. f4 c6 28. h3 g5 29. g3 gxf4 0-1

[Event "Krokustoernooi"]
[Site "KGSRL"]
[Date "2015.02.21"]
[Round "1.5"]
[White "Van Laeken, Jonathan"]
[Black "Lachaert, Tibo"]
[Result "1-0"]
[WhiteElo "1839"]
[BlackElo "1534"]
[Annotator "junioren"]
[PlyCount "89"]
[EventDate "2015.??.??"]

1. d4 d5 2. c4 c6 3. Nf3 Nf6 4. Nc3 e6 5. Bg5 Be7 6. cxd5 cxd5 7. e3 Nbd7 8.
Bd3 O-O 9. h3 a6 10. a4 b6 11. O-O Bb7 12. Qe2 a5 13. Bf4 Ne4 14. Nb5 Rc8 15.
Rfc1 Bb4 16. Qd1 Qe7 17. Na7 Ra8 18. Nc6 Bxc6 19. Rxc6 Rfc8 20. Rac1 Rxc6 21.
Rxc6 Bd6 22. Bxd6 Nxd6 23. Qc2 g6 24. Rc7 Ne8 25. Rc8 Rxc8 26. Qxc8 Kg7 27. Bb5
Nef6 28. Qc7 Kf8 29. Qc8+ Kg7 30. Qc7 Kf8 31. g4 h6 32. h4 Ke8 33. Ne5 g5 34.
hxg5 hxg5 35. Qc8+ Qd8 36. Bxd7+ Nxd7 37. Qxd8+ Kxd8 38. Nxf7+ Ke7 39. Nxg5 Nf6
40. f3 Nd7 41. Nh3 Kf6 42. f4 Nf8 43. Kg2 Ng6 44. Kg3 Nf8 45. Ng1 1-0

[Event "Krokustoernooi"]
[Site "KGSRL"]
[Date "2015.02.21"]
[Round "1.6"]
[White "Phlips, Ewout"]
[Black "Harutyunyan, Axel"]
[Result "0-1"]
[WhiteElo "1366"]
[BlackElo "1826"]
[Annotator "junioren"]
[PlyCount "150"]
[EventDate "2015.??.??"]

1. e4 c5 2. Nc3 e6 3. Bc4 a6 4. d4 b5 5. Be2 cxd4 6. Qxd4 Nc6 7. Qd1 Nf6 8. a3
b4 9. axb4 Bxb4 10. Qd3 a5 11. Bd2 O-O 12. Nf3 Bc5 13. O-O Qe7 14. e5 Ng4 15.
Ng5 f5 16. Bxg4 Nxe5 17. Qh3 h6 18. Bf3 Rb8 19. Qg3 Bd4 20. Rxa5 hxg5 21. Bxg5
Nxf3+ 22. gxf3 Qb4 23. Qf4 Qxa5 24. Qxb8 Ba6 25. Qd6 Bxf1 26. Kxf1 Bxc3 27.
bxc3 Qxc3 28. Qd3 Qxd3+ 29. cxd3 Kf7 30. Ke2 Ra8 31. Ke3 d6 32. f4 Ra2 33. h4
Ra1 34. Kf3 Ra3 35. Ke3 Ke8 36. h5 Kd7 37. Kd4 Ra4+ 38. Ke3 Ra1 39. h6 gxh6 40.
Bxh6 Re1+ 41. Kd4 Re2 42. f3 Re1 43. Bg5 Kc6 44. Bh4 e5+ 45. fxe5 dxe5+ 46. Kc4
Rf1 47. Bf6 Kd6 48. d4 exd4 49. Kxd4 Ke6 50. Bg5 Rxf3 51. Bd2 Kf6 52. Be3 Kg6
53. Bd2 Kh5 54. Ke5 Kg4 55. Bc1 Rf1 56. Bd2 f4 57. Ke4 Kg3 58. Kd4 f3 59. Be3
f2 60. Bxf2+ Rxf2 61. Ke3 Rf3+ 62. Ke4 Kg4 63. Kd4 Kf4 64. Kd5 Re3 65. Kd4 Re5
66. Kd3 Re4 67. Kc3 Ke5 68. Kd3 Kd5 69. Kc3 Rd4 70. Kb3 Rc4 71. Kb2 Kd4 72. Kb3
Kc5 73. Kb2 Kb4 74. Kb1 Kb3 75. Ka1 Rc1# 0-1

[Event "Krokustoernooi"]
[Site "KGSRL"]
[Date "2015.02.21"]
[Round "2.1"]
[White "Harutyunyan, Axel"]
[Black "Smekens, Ruben"]
[Result "0-1"]
[WhiteElo "1826"]
[BlackElo "2045"]
[Annotator "junioren"]
[PlyCount "78"]
[EventDate "2015.??.??"]

1. g3 d5 2. Bg2 c5 3. d3 Nc6 4. Nc3 Nf6 5. e4 d4 6. Nce2 e5 7. Bg5 Be7 8. Bxf6
Bxf6 9. f4 Qa5+ 10. Qd2 O-O 11. Nf3 Qxd2+ 12. Kxd2 b5 13. f5 c4 14. g4 Bd8 15.
h4 Ba5+ 16. Kd1 f6 17. g5 Bb7 18. Ng3 Rac8 19. Bf1 Nb4 20. a3 Na6 21. a4 cxd3
22. Bxd3 b4 23. Rg1 Kh8 24. h5 h6 25. gxf6 gxf6 26. Nh4 Kh7 27. Ng6 Rf7 28. b3
Nc5 29. Rc1 Rfc7 30. Kd2 Nxd3 31. cxd3 Rc3 32. Ne2 Rxb3 33. Rxc8 Bxc8 34. Nf8+
Kh8 35. Ng6+ Kg7 36. Ne7+ Kf8 37. Nxc8 Rb2+ 38. Kd1 b3 39. Nc1 Rd2+ 0-1

[Event "Krokustoernooi"]
[Site "KGSRL"]
[Date "2015.02.21"]
[Round "2.2"]
[White "Sterck, Arno"]
[Black "Van Laeken, Jonathan"]
[Result "1-0"]
[WhiteElo "1963"]
[BlackElo "1839"]
[Annotator "junioren"]
[PlyCount "63"]
[EventDate "2015.??.??"]

1. e4 c5 2. Nf3 g6 3. d4 cxd4 4. c3 Bg7 5. Bc4 e6 6. O-O Nc6 7. Nxd4 Nge7 8.
Be3 Na5 9. Be2 O-O 10. Nd2 d5 11. Qc2 b6 12. Rfd1 Bb7 13. Bf3 Rc8 14. Qa4 a6
15. Bg5 Nc4 16. Nxc4 Rxc4 17. Qa3 f6 18. Nxe6 Qe8 19. Bf4 dxe4 20. Be2 Rc8 21.
Nxf8 Bxf8 22. Qb3+ Kh8 23. Qe6 Rc6 24. Rd6 Rxd6 25. Bxd6 Kg7 26. Bc4 b5 27. Bb3
e3 28. fxe3 Qc6 29. Qf7+ Kh6 30. Qxf8+ Kg5 31. h4+ Kf5 32. Rf1+ 1-0